000 00292nam a2200121Ia 4500
005 20251222154425.0
008 251222s9999||||xx |||||||||||||| ||spa||
020 _a84-300-5486-3
082 _a599/G83
100 _a"Grzimek,B.Messner, R.Riefenstahl, L."
245 0 _aParaĆ­sos
942 _cLIB
999 _c36173
_d36173